[Event "Canadian op U2000"]
[Site "Windsor"]
[Date "2016.07.17"]
[Round "9.33"]
[White "Mathews, Jeremy"]
[Black "Glew, Richard"]
[Result "1-0"]
[WhiteElo "1743"]
[BlackElo "1722"]
[PlyCount "31"]
[EventDate "2016.07.10"]
[EventType "swiss"]
[EventRounds "9"]
[EventCountry "CAN"]
[SourceTitle "EXT 2022"]
[Source "ChessBase"]
[SourceDate "2021.10.06"]
[SourceVersion "1"]
[SourceVersionDate "2021.10.06"]
[SourceQuality "1"]

1. e4 c5 2. Nf3 e6 3. d4 cxd4 4. Nxd4 Bc5 5. Be3 Qb6 6. Nc3 Qxb2 7. Ndb5 Bxe3 8. Rb1 Qxb1 9. Qxb1 Bb6 10. Nd6+ Kf8 11. Nxc8 Bc7 12. Qb4+ d6 13. Qxb7 Ne7 14. Nxe7 Kxe7 15. Qxa8 Rd8 16. Qxa7 1-0

[Event "Guelph Winter Pro-Am U2000"]
[Site "Guelph"]
[Date "2012.02.11"]
[Round "2"]
[White "Cservenyi, Zoltan"]
[Black "Glew, Richard"]
[Result "0-1"]
[WhiteElo "1643"]
[BlackElo "1790"]
[PlyCount "46"]
[EventDate "2012.02.10"]
[EventType "swiss"]
[EventRounds "5"]
[EventCountry "CAN"]
[SourceTitle "EXT 2022"]
[Source "ChessBase"]
[SourceDate "2021.10.06"]
[SourceVersion "1"]
[SourceVersionDate "2021.10.06"]
[SourceQuality "1"]

1. d4 Nf6 2. Nf3 g6 3. g3 Bg7 4. Bg2 0-0 5. 0-0 d5 6. c4 c6 7. cxd5 cxd5 8. Nc3 Nc6 9. a3 Bf5 10. Nh4 Qd7 11. Nxf5 Qxf5 12. e3 Rad8 13. b4 e5 14. dxe5 Nxe5 15. Nb5 Neg4 16. Nd4 Qh5 17. h3 Ne5 18. Qxh5 Nxh5 19. Bb2 Nc4 20. Bc3 Rfe8 21. a4 Nxg3 22. fxg3 Rxe3 23. Rac1 Rxc3 0-1

[Event "London CC-ch B"]
[Site "London"]
[Date "2009.03.19"]
[Round "1"]
[White "Bennett MacDonald, Joshua"]
[Black "Glew, Richard"]
[Result "0-1"]
[WhiteElo "1128"]
[BlackElo "1738"]
[PlyCount "44"]
[EventDate "2009.03.19"]
[EventType "swiss"]
[EventRounds "13"]
[EventCountry "CAN"]
[SourceTitle "EXT 2022"]
[Source "ChessBase"]
[SourceDate "2021.10.06"]
[SourceVersion "1"]
[SourceVersionDate "2021.10.06"]
[SourceQuality "1"]

1. e4 c5 2. Nf3 Nc6 3. d4 cxd4 4. Nxd4 Nf6 5. Nc3 d6 6. Be3 g6 7. f3 Bg7 8. Qd2 0-0 9. Bc4 a6 10. h4 h5 11. 0-0-0 Qc7 12. Bb3 b5 13. Bh6 Nxd4 14. Bxg7 Nxb3+ 15. axb3 Kxg7 16. Rdg1 Be6 17. Qg5 Rac8 18. g4 b4 19. gxh5 bxc3 20. hxg6 cxb2+ 21. Kxb2 Qxc2+ 22. Ka3 Qxb3# 0-1